| 000 | 00698nam a22001577a 4500 | ||
|---|---|---|---|
| 003 | OSt | ||
| 005 | 20150920154752.0 | ||
| 008 | 150920b xxu||||| |||| 00| 0 eng d | ||
| 040 | _cRUA | ||
| 082 | _aAGR HON 2006 BO33 Or.1 | ||
| 100 |
_9955 _aHONG, SAMBATH |
||
| 245 | _aSurveys on small scale holder of cattle raising in kampang commune, preykabaiaing district, takeo province,(ការសិក្សាលើការចិញ្ចឹមមគោជាលក្ខណៈគ្រួសារ នៅឃុំកំពែង ស្រុកព្រៃកប្បាស ខេត្តតាកែវ). | ||
| 260 |
_aphnom phen _bRUA _c29CM |
||
| 300 |
_aXI,60P. _bILL. _c239CM. |
||
| 942 |
_2ddc _cAGR |
||
| 999 |
_c920 _d920 |
||